Oľga Feldeková: SŤAHOVANIE NA MIESTE

Bibliographic Details
Main Author: Sloboda, Rudolf, 1938-1995 (Author)
Format: Article
Language:Slovak

MARC

LEADER 00000nab a2200000uu 4500
001 vtls011431641
003 SK-MaSNL
005 20260303235327.0
008 230313|1977 xo |||||||||||||||||slo|
015 |a SNBRB 
035 |a (urnnbn)urn:nbn:sk:snk:ar-000hhc 
035 |a (uuid)83d199fc-2b33-4635-a848-c111594d6407 
035 |a urn:nbn:sk:snk-abc84g 
040 |a SNKBUCL  |b slo  |c SNKBUCL  |e AACR2 
041 0 |a slo 
044 |a xo  |c SK 
100 1 |a Sloboda, Rudolf,  |d 1938-1995  |4 aut  |9 101482 
245 1 0 |a Oľga Feldeková: SŤAHOVANIE NA MIESTE  |c Rudolf Sloboda 
773 0 |t Romboid  |g Roč. 12, č. 1 (1977), s. 80-81 
958 |a OND 
958 |a EUIPO 
958 |a article16 
999 |c 2525142  |d 2527072